Q: skills for success listening and speaking (with iQ online: integrated digital content)

保存先:
書誌詳細
第一著者: Craven, Miles
その他の著者: Sherman, Kristin Donnalley
フォーマット: 図書
言語:Undetermined
出版事項: Oxford Oxford University Press 2015
主題:
オンライン・アクセス:http://lrc.tdmu.edu.vn/opac/search/detail.asp?aID=2&ID=35149
タグ: タグ追加
タグなし, このレコードへの初めてのタグを付けませんか!
Thư viện lưu trữ: Trung tâm Học liệu Trường Đại học Thủ Dầu Một
LEADER 00904nam a2200217Ia 4500
001 TDMU_35149
008 210410s9999 xx 000 0 und d
082 |a 696 
090 |b CR111 
100 |a Craven, Miles 
245 0 |a Q: skills for success 
245 0 |b listening and speaking (with iQ online: integrated digital content) 
245 0 |c Miles Craven, Kristin Donnalley Sherman 
260 |a Oxford 
260 |b Oxford University Press 
260 |c 2015 
300 |a vii, 202 p. 
650 |a English language  |x Study and teaching  |x Foreign speakers; Ngôn ngữ Anh  |x Dạy và học  |x Người nói tiếng nước ngoài; English language  |x Listening  |x Speaking; Ngôn ngữ Anh  |x Nghe  |x Nói 
700 |a Sherman, Kristin Donnalley 
856 |u http://lrc.tdmu.edu.vn/opac/search/detail.asp?aID=2&ID=35149 
980 |a Trung tâm Học liệu Trường Đại học Thủ Dầu Một